|
|
|
|
| LEADER |
00715cam a2200229 7i4500 |
| 001 |
0000036992 |
| 005 |
20221124090000.0 |
| 007 |
##ta |
| 008 |
221124s2022 si eng |
| 020 |
# |
# |
|a 9789811927706
|
| 040 |
# |
# |
|a MATR
|
| 090 |
0 |
# |
|a B 658.421
|b CUL
|
| 245 |
0 |
0 |
|a Cultural Entrepreneurship :
|b New Societal Trends
|c Editor Vanessa Ratten.
|
| 264 |
# |
0 |
|a Singapore:
|b Springer Nature Singapore,
|c 2022.
|
| 300 |
# |
# |
|a xiii, 175 pages:
|b illustrations;
|c 30 cm.
|
| 336 |
# |
# |
|a text
|2 rdacontent
|
| 337 |
# |
# |
|a unmediated
|2 rdamedia
|
| 338 |
# |
# |
|a volume
|2 rdacarrier
|
| 650 |
# |
0 |
|a Entrepreneurship
|
| 650 |
# |
0 |
|a Culture
|
| 700 |
0 |
# |
|a Ratten, Vanessa
|
| 999 |
|
|
|a 0000041912
|b Book
|c Book
|e Business Information Centre
|